Náklady v účtovné osnově pro podnikatele (účtová třída 5).

Podrobný popis reorganizácie štruktúry účtovnej triedy 5. Charakteristika jednotlivých účtovných skupín a veľké množstvo príkladov. Účtovanie mzdových nákladov, daní a poplatkov, odpisov, rezerv a finančných nákladov. Dane z príjmov a prevodové účty.

Saved in:
Bibliographic Details
Main Author: Jindrák, Jaroslav
Format: Book Chapter
Language:Czech
Subjects:
Tags: Add Tag
No Tags, Be the first to tag this record!

MARC

LEADER 00000naa a2200000 4500
001 r012155
005 20220826094352.6
041 0 |a cze 
044 |a CZ 
245 1 0 |a Náklady v účtovné osnově pro podnikatele (účtová třída 5).  |c Jaroslav Jindrák 
520 |a Podrobný popis reorganizácie štruktúry účtovnej triedy 5. Charakteristika jednotlivých účtovných skupín a veľké množstvo príkladov. Účtovanie mzdových nákladov, daní a poplatkov, odpisov, rezerv a finančných nákladov. Dane z príjmov a prevodové účty. 
610 2 0 |a náklady 
610 2 0 |a osnova účtová 
610 2 0 |a triedy účtové 
610 2 0 |a účtovanie 
610 2 0 |a dane 
610 2 0 |a poplatky 
610 2 0 |a odpisy 
610 2 0 |a rezervy 
610 2 0 |a dane z príjmov 
610 2 0 |a 1993 
100 1 |a Jindrák, Jaroslav